Indian State Capitals & Largest Cities - Statistics

General Stats
  • This quiz has been taken 19 times
  • The average score is 18 of 50
Answer Stats
State Capital % Correct
Maharashtra Mumbai
93%
Tamil Nadu Chennai
86%
West Bengal Kolkata
86%
Delhi
79%
Delhi New Delhi
79%
Karnataka Bengaluru
71%
Rajasthan Jaipur
71%
Telangana Hyderabad
64%
Bihar Patna
64%
Haryana Chandigarh
57%
Punjab Chandigarh
57%
Chandigarh Chandigarh
57%
Uttar Pradesh Lucknow
57%
Madhya Pradesh Bhopal
50%
Indore
50%
Nagpur
50%
Puducherry Puducherry
43%
Assam Dispur
36%
Jammu
36%
Goa Panaji
36%
Jharkhand Ranchi
36%
Andaman and Nicobar Islands Sri Vijaya Puram
36%
Mizoram Aizawl
29%
Odisha Bhubaneswar
29%
Dehradun
29%
Sikkim Gangtok
29%
Guwahati
29%
Manipur Imphal
29%
Chhattisgarh Raipur
29%
Meghalaya Shillong
29%
Himachal Pradesh Shimla
29%
Kerala Thiruvananthapuram
29%
Arunachal Pradesh Itanagar
21%
Jamshedpur
21%
Ludhiana
21%
Jammu and Kashmir Srinagar
21%
Visakhapatnam
21%
Tripura Agartala
14%
Andhra Pradesh Amaravati
14%
Faridabad
14%
Nagaland Kohima
14%
Ladakh Leh
14%
Vasco da Gama
14%
Dharamshala
7%
Dimapur
7%
Lakshadweep Kavaratti
7%
Silvassa
7%
Uttarakhand Bhararisain
0%
Dadra and Nagar Haveli and Daman and Diu Daman
0%
Kargil
0%
No matching quizzes found
Score Distribution
Percent of People with Each Score
Percentile by Number Answered
Your Score History
You have not taken this quiz